000
00245nam a22000857a 4500
008
161201b xxu||||| |||| 00| 0 eng d
100
_9
1644
_a
Banerjee, A., etal
245
_a
Interaction in English - Work Book IV
260
_a
New Delhi
_b
Frank Bro.
_c
2005
999
_c
4356
_d
4356